[Event "Liga Madrileña - DH 2015-2016"]
[Site "Madrid ESP"]
[Date "2016.01.31"]
[Round "8.23"]
[White "Rojo Huerta, Gabriel"]
[Black "Martinez Reyes, Pedro Ramon"]
[Result "1-0"]
[WhiteElo "2362"]
[BlackElo "2338"]
[PlyCount "41"]
[EventDate "2015.11.22"]
[EventType "team-tourn"]
[EventRounds "14"]
[EventCountry "ESP"]
[Source "lmi"]
[SourceDate "2015.11.22"]
[WhiteTeam "La Casa del Ajedrez"]
[BlackTeam "Blanco y Negro"]
[WhiteTeamCountry "ESP"]
[BlackTeamCountry "ESP"]

1. d4 b5 2. Bg5 Bb7 3. Nf3 h6 4. Bh4 Nf6 5. Bxf6 exf6 6. e4 Qe7 7. Bd3 Qb4+ 8.
Nc3 Qxb2 9. Nxb5 Qb4+ 10. Nd2 Kd8 11. O-O Qa4 12. Rb1 a6 13. Nc3 Qxd4 14. Rxb7
Qxc3 15. Nc4 h5 16. e5 Nc6 17. exf6 gxf6 18. Qf3 Kc8 19. Rb3 Qd4 20. Rd1 Bb4
21. Rxb4 1-0

[Event "Liga Madrileña - DH 2015-2016"]
[Site "Madrid ESP"]
[Date "2016.01.31"]
[Round "8.24"]
[White "Alarcia Astiz, Carlos"]
[Black "Elguezabal Varela, Daniel"]
[Result "1-0"]
[WhiteElo "2337"]
[BlackElo "2363"]
[PlyCount "135"]
[EventDate "2015.11.22"]
[EventType "team-tourn"]
[EventRounds "14"]
[EventCountry "ESP"]
[Source "lmi"]
[SourceDate "2015.11.22"]
[WhiteTeam "Blanco y Negro"]
[BlackTeam "La Casa del Ajedrez"]
[WhiteTeamCountry "ESP"]
[BlackTeamCountry "ESP"]

1. e4 e6 2. d3 d5 3. Nd2 c5 4. Ngf3 Nc6 5. g3 Bd6 6. Bg2 Nge7 7. O-O O-O 8. Re1
Qc7 9. c3 Bd7 10. Qe2 f6 11. Nf1 d4 12. c4 e5 13. h4 a6 14. Kh2 b5 15. b3 bxc4
16. bxc4 Rab8 17. Ng1 Rb7 18. Bh3 Rfb8 19. h5 h6 20. Nd2 Nd8 21. Ndf3 Nf7 22.
Nh4 Ng5 23. Bg4 Qc8 24. Bxd7 Qxd7 25. Rf1 Rb1 26. Rxb1 Rxb1 27. Bb2 Rxf1 28.
Qxf1 Qa4 29. Qb1 Nc6 30. Nf5 Bf8 31. Kg2 Qb4 32. Qc2 Qb7 33. Bc1 Ne6 34. Nf3
Ne7 35. N3h4 Nxf5 36. Nxf5 Qf7 37. g4 g6 38. hxg6 Qxg6 39. Kg3 h5 40. f3 hxg4
41. fxg4 Qh7 42. Qh2 Qxh2+ 43. Kxh2 Nd8 44. Kg3 Nc6 45. a3 Kf7 46. Kf3 Be7 47.
Bd2 Ke6 48. Ke2 Bd8 49. Bh6 Kf7 50. Kd1 Bc7 51. Kc2 Ne7 52. Nxe7 Kxe7 53. g5
fxg5 54. Bxg5+ Ke6 55. Kd2 Bd6 56. Ke2 Be7 57. Bd2 Bf8 58. Kf3 Be7 59. Kg4 Bf8
60. Kg5 Be7+ 61. Kg6 Bf8 62. Bh6 Be7 63. Kg7 Bd6 64. Bg5 Bc7 65. Kf8 Bd6+ 66.
Ke8 Bc7 67. Be7 Bb6 68. Kf8 1-0

[Event "Liga Madrileña - DH 2015-2016"]
[Site "Madrid ESP"]
[Date "2016.01.31"]
[Round "8.25"]
[White "Suarez Uriel, Adrian"]
[Black "Renteria Becerra, Jorge Elicer"]
[Result "1-0"]
[WhiteElo "2278"]
[BlackElo "2244"]
[PlyCount "63"]
[EventDate "2015.11.22"]
[EventType "team-tourn"]
[EventRounds "14"]
[EventCountry "ESP"]
[Source "lmi"]
[SourceDate "2015.11.22"]
[WhiteTeam "La Casa del Ajedrez"]
[BlackTeam "Blanco y Negro"]
[WhiteTeamCountry "ESP"]
[BlackTeamCountry "ESP"]

1. e4 d6 2. d4 Nf6 3. Nc3 e5 4. Nf3 Nbd7 5. Bc4 Be7 6. a4 O-O 7. O-O c6 8. Re1
Rb8 9. h3 b6 10. Ba2 a6 11. Be3 b5 12. axb5 axb5 13. b4 Qc7 14. Qd3 exd4 15.
Nxd4 Ne5 16. Qe2 Re8 17. f4 Ng6 18. Qd3 Bf8 19. Bb3 Bd7 20. Ra5 d5 21. e5 Bxb4
22. Ra6 Ne4 23. Ndxb5 cxb5 24. Nxd5 Qc8 25. Nxb4 Nc5 26. Bxf7+ Kh8 27. Qd6 Nxa6
28. Bxe8 Bxh3 29. Bxg6 Nxb4 30. gxh3 hxg6 31. Qxb4 Qxh3 32. Qe4 1-0

[Event "Liga Madrileña - DH 2015-2016"]
[Site "Madrid ESP"]
[Date "2016.01.30"]
[Round "8.31"]
[White "Perez Mitjans, Orelvis"]
[Black "Roa Alonso, Santiago"]
[Result "1/2-1/2"]
[WhiteElo "2478"]
[BlackElo "2380"]
[PlyCount "88"]
[EventDate "2015.11.22"]
[EventType "team-tourn"]
[EventRounds "14"]
[EventCountry "ESP"]
[Source "lmi"]
[SourceDate "2015.11.22"]
[WhiteTeam "64 Villalba"]
[BlackTeam "Vallecas CDV"]
[WhiteTeamCountry "ESP"]
[BlackTeamCountry "ESP"]

1. e4 e5 2. Nf3 Nc6 3. Bb5 a6 4. Ba4 Nf6 5. O-O Nxe4 6. d4 b5 7. Bb3 d5 8. dxe5
Be6 9. Be3 Be7 10. Qe2 O-O 11. Rd1 Na5 12. Nbd2 Nxd2 13. Rxd2 c5 14. c3 Nxb3
15. axb3 Qc7 16. Bg5 Bxg5 17. Nxg5 h6 18. Nf3 Rfd8 19. h3 Qe7 20. Qe3 a5 21.
Ne1 b4 22. f4 bxc3 23. bxc3 d4 24. cxd4 cxd4 25. Rxd4 Rxd4 26. Qxd4 Bxb3 27.
Nd3 a4 28. Nc5 Rd8 29. Qe3 Rd1+ 30. Rxd1 Bxd1 31. f5 a3 32. Qxa3 Qxe5 33. Qa8+
Kh7 34. Qc8 Qc3 35. Qc7 Bc2 36. f6 Qxf6 37. Nd7 Qd4+ 38. Kh2 g6 39. Nf8+ Kg8
40. Nd7 Bb3 41. Qd8+ Kh7 42. Qe7 Qf4+ 43. Kh1 Qf1+ 44. Kh2 Qf4+ 1/2-1/2

[Event "Liga Madrileña - DH 2015-2016"]
[Site "Madrid ESP"]
[Date "2016.01.30"]
[Round "8.32"]
[White "Beltran de Heredia Eguiaz, Miguel Angel"]
[Black "Rodriguez Cespedes, Amador"]
[Result "1/2-1/2"]
[WhiteElo "2190"]
[BlackElo "2478"]
[PlyCount "52"]
[EventDate "2015.11.22"]
[EventType "team-tourn"]
[EventRounds "14"]
[EventCountry "ESP"]
[Source "lmi"]
[SourceDate "2015.11.22"]
[WhiteTeam "Vallecas CDV"]
[BlackTeam "64 Villalba"]
[WhiteTeamCountry "ESP"]
[BlackTeamCountry "ESP"]

1. e4 d5 2. exd5 Qxd5 3. Nc3 Qa5 4. d4 Nf6 5. Nf3 c6 6. Bc4 Bf5 7. Bd2 e6 8.
Nd5 Qd8 9. Nxf6+ gxf6 10. c3 Nd7 11. Nh4 Bg6 12. Qf3 Bg7 13. O-O O-O 14. g3 f5
15. Ng2 Ne5 16. dxe5 Qxd2 17. h4 Qh6 18. Qe3 Qh5 19. f3 f4 20. Nxf4 Qxe5 21.
Qxe5 Bxe5 22. Nxg6 hxg6 23. f4 Bf6 24. Rad1 Rfd8 25. Bb3 Rxd1 26. Rxd1 Rd8
1/2-1/2

[Event "Liga Madrileña - DH 2015-2016"]
[Site "Madrid ESP"]
[Date "2016.01.30"]
[Round "8.33"]
[White "Lopez del Alamo, Antonio"]
[Black "Montanes Arribas, Adrian"]
[Result "1/2-1/2"]
[WhiteElo "2224"]
[BlackElo "2173"]
[PlyCount "77"]
[EventDate "2015.11.22"]
[EventType "team-tourn"]
[EventRounds "14"]
[EventCountry "ESP"]
[Source "lmi"]
[SourceDate "2015.11.22"]
[WhiteTeam "64 Villalba"]
[BlackTeam "Vallecas CDV"]
[WhiteTeamCountry "ESP"]
[BlackTeamCountry "ESP"]

1. e4 c5 2. Nf3 d6 3. d4 cxd4 4. Nxd4 Nf6 5. Nc3 a6 6. h3 e5 7. Nde2 h5 8. g3
Nbd7 9. Bg2 b5 10. O-O Bb7 11. Nd5 Bxd5 12. exd5 Be7 13. f4 Qb6+ 14. Kh1 Ng4
15. fxe5 Nf2+ 16. Rxf2 Qxf2 17. e6 Nf6 18. Bf4 Qc5 19. Qd2 Rc8 20. c3 fxe6 21.
Be3 Qc4 22. b3 Qc7 23. dxe6 O-O 24. Bd4 h4 25. gxh4 d5 26. Rg1 Bc5 27. Qg5 Bxd4
28. Nxd4 Qxc3 29. Nf5 Nh7 30. Ne7+ Kh8 31. Ng6+ Kg8 32. Qh5 Rfe8 33. e7 Nf6 34.
Bxd5+ Nxd5 35. Qxd5+ Kh7 36. Qh5+ Kg8 37. Qd5+ Kh7 38. Qh5+ Kg8 39. Qd5+
1/2-1/2

[Event "Liga Madrileña - DH 2015-2016"]
[Site "Madrid ESP"]
[Date "2016.01.30"]
[Round "8.34"]
[White "Martin Garcia, Guillermo Li"]
[Black "Ruperez Benito, Antonio"]
[Result "0-1"]
[WhiteElo "2165"]
[BlackElo "2218"]
[PlyCount "68"]
[EventDate "2015.11.22"]
[EventType "team-tourn"]
[EventRounds "14"]
[EventCountry "ESP"]
[Source "lmi"]
[SourceDate "2015.11.22"]
[WhiteTeam "Vallecas CDV"]
[BlackTeam "64 Villalba"]
[WhiteTeamCountry "ESP"]
[BlackTeamCountry "ESP"]

1. e4 e6 2. d3 d5 3. Nd2 Nf6 4. Ngf3 c5 5. g3 Nc6 6. Bg2 Be7 7. O-O b6 8. Re1
Bb7 9. c3 Qc7 10. a3 h6 11. Nf1 dxe4 12. dxe4 Rd8 13. Qa4 Qd7 14. Bf4 Na5 15.
Qc2 g5 16. Ne5 Qb5 17. Be3 Bd6 18. Ng6 Rg8 19. e5 Bxg2 20. Kxg2 Rxg6 21. exd6
Rxd6 22. Rad1 Rxd1 23. Rxd1 Ke7 24. Kg1 Rg8 25. f4 Qc6 26. fxg5 hxg5 27. Qe2
Qe4 28. Qa6 Qb7 29. Qd3 Qc6 30. b4 Nb7 31. Qa6 Nd7 32. Nd2 Nd6 33. Qxa7 Ra8 34.
b5 Nxb5 0-1

[Event "Liga Madrileña - DH 2015-2016"]
[Site "Madrid ESP"]
[Date "2016.01.30"]
[Round "8.35"]
[White "Hapala, Elisabeth"]
[Black "Montoya Pecurul, Marc"]
[Result "1-0"]
[WhiteElo "2126"]
[BlackElo "2123"]
[PlyCount "95"]
[EventDate "2015.11.22"]
[EventType "team-tourn"]
[EventRounds "14"]
[EventCountry "ESP"]
[Source "lmi"]
[SourceDate "2015.11.22"]
[WhiteTeam "64 Villalba"]
[BlackTeam "Vallecas CDV"]
[WhiteTeamCountry "ESP"]
[BlackTeamCountry "ESP"]

1. e4 c5 2. Nf3 e6 3. d4 cxd4 4. Nxd4 Nc6 5. Nc3 Qc7 6. Be3 a6 7. Qe2 Nf6 8. f3
Be7 9. O-O-O O-O 10. g4 Rd8 11. g5 Ne8 12. h4 b5 13. Qf2 Bb7 14. Kb1 Ne5 15.
Nb3 Rdc8 16. Bb6 Qb8 17. Na5 Nd6 18. Be2 b4 19. Na4 Nxe4 20. fxe4 Bxe4 21. Rc1
Bxh1 22. Rxh1 d5 23. Rf1 Bd6 24. h5 Rf8 25. h6 Nd7 26. hxg7 Kxg7 27. Bd3 f5 28.
gxf6+ Rxf6 29. Qg2+ Kh8 30. Rh1 Rf7 31. Bd4+ e5 32. Qxd5 Qf8 33. Qe4 Nf6 34.
Bxe5 Bxe5 35. Qxe5 Re8 36. Qf5 Qh6 37. Rf1 Rfe7 38. Qf2 Qg7 39. Nc6 Ng4 40. Qh4
Re6 41. Nxb4 Nh2 42. Rc1 Nf3 43. Qf2 Re1 44. c3 Qg5 45. Rxe1 Rxe1+ 46. Kc2 Rc1+
47. Kb3 Nd2+ 48. Ka3 1-0

[Event "Liga Madrileña - DH 2015-2016"]
[Site "Madrid ESP"]
[Date "2016.01.30"]
[Round "8.36"]
[White "Ambrona Castellanos, Miguel"]
[Black "Cabanas Bravo, Juan Andres"]
[Result "1/2-1/2"]
[WhiteElo "2012"]
[BlackElo "2055"]
[PlyCount "117"]
[EventDate "2015.11.22"]
[EventType "team-tourn"]
[EventRounds "14"]
[EventCountry "ESP"]
[Source "lmi"]
[SourceDate "2015.11.22"]
[WhiteTeam "Vallecas CDV"]
[BlackTeam "64 Villalba"]
[WhiteTeamCountry "ESP"]
[BlackTeamCountry "ESP"]

1. e4 e5 2. Nf3 Nc6 3. Bc4 Bc5 4. c3 Nf6 5. d3 a6 6. Bb3 Ba7 7. O-O O-O 8. h3
d5 9. Qe2 dxe4 10. dxe4 Qe7 11. Be3 Nh5 12. Bxa7 Nxa7 13. Kh2 Nf4 14. Qe3 Rd8
15. Rd1 Rxd1 16. Bxd1 Qe6 17. Ng1 Nb5 18. Nd2 Nd6 19. Ne2 Ng6 20. Bb3 Qe7 21.
Nc4 Nxc4 22. Bxc4 Be6 23. Bxe6 Qxe6 24. Qd2 Qf6 25. Qe1 Rd8 26. Rd1 Kf8 27. Ng3
Nf4 28. Rxd8+ Qxd8 29. Qe3 b6 30. Ne2 Nd3 31. Qd2 Qd6 32. Nc1 Nc5 33. Qe2 a5
34. Nb3 Nd3 35. Qc2 c5 36. f3 c4 37. Nd2 b5 38. Nf1 Qf6 39. b3 Qf4+ 40. Kg1 Qh4
41. bxc4 bxc4 42. Qe2 Qe7 43. Ne3 Qc5 44. Kh2 g6 45. Nd5 f5 46. Qe3 fxe4 47.
fxe4 Qxe3 48. Nxe3 Nf2 49. Nxc4 Nxe4 50. Nxa5 Nxc3 51. a3 Ke7 52. Nc4 Ke6 53.
Kg3 Kd5 54. Nd2 h6 55. Kf2 Kd4 56. Nf1 Kd3 57. g4 e4 58. Ne3 Kd2 59. h4 1/2-1/2

[Event "Liga Madrileña - DH 2015-2016"]
[Site "Madrid ESP"]
[Date "2016.01.31"]
[Round "8.41"]
[White "Valles Moreno, Ivan"]
[Black "Rubio Mejia, Luis Ignacio"]
[Result "0-1"]
[WhiteElo "2427"]
[BlackElo "2457"]
[PlyCount "134"]
[EventDate "2015.11.22"]
[EventType "team-tourn"]
[EventRounds "14"]
[EventCountry "ESP"]
[Source "lmi"]
[SourceDate "2015.11.22"]
[WhiteTeam "Liberty Chess"]
[BlackTeam "Virgen de Atocha"]
[WhiteTeamCountry "ESP"]
[BlackTeamCountry "ESP"]

1. e4 c5 2. Nf3 d6 3. d4 cxd4 4. Nxd4 Nf6 5. Nc3 a6 6. Bc4 e6 7. Bb3 Nbd7 8.
Bg5 Qa5 9. Qd2 Be7 10. O-O-O Nc5 11. Rhe1 h6 12. Bxf6 Bxf6 13. Nf5 Nxb3+ 14.
cxb3 exf5 15. Qxd6 Bxc3 16. bxc3 f4 17. Kb2 Be6 18. Qxf4 Qg5 19. Qd6 Rd8 20.
Qb4 Rd2+ 21. Kb1 Rxd1+ 22. Rxd1 Qe7 23. Qa4+ Bd7 24. Qd4 f6 25. Qd5 Be6 26.
Qh5+ Bf7 27. Qf5 Qe6 28. Qc5 b6 29. Qb4 Qe7 30. Rd6 O-O 31. Qd4 Qc7 32. Kb2 b5
33. g3 a5 34. f3 a4 35. Rd7 Qc6 36. Rd6 Qc8 37. g4 axb3 38. axb3 Qc7 39. Qb6
Qe7 40. Qd4 Ra8 41. h4 Qc7 42. Qb6 Qxb6 43. Rxb6 Be8 44. h5 Rd8 45. Kc2 Kf8 46.
Rb7 Bd7 47. c4 bxc4 48. bxc4 Ke7 49. Rb6 Ra8 50. Kd3 Ra3+ 51. Ke2 Rc3 52. Rb4
Be6 53. Rb7+ Kf8 54. Rb8+ Kf7 55. Rb7+ Kg8 56. Rb8+ Kh7 57. Kf2 Bxc4 58. Rc8
Rc2+ 59. Ke3 Bb3 60. Re8 Rc3+ 61. Kf2 Bd1 62. e5 fxe5 63. Rxe5 Bxf3 64. Kg3
Bd1+ 65. Kh4 Rc4 66. Rd5 Bxg4 67. Ra5 Bxh5+ 0-1

[Event "Liga Madrileña - DH 2015-2016"]
[Site "Madrid ESP"]
[Date "2016.01.31"]
[Round "8.42"]
[White "Espinosa Aranda, Angel"]
[Black "Perez Gonzalez, Jose Manuel"]
[Result "1-0"]
[WhiteElo "2401"]
[BlackElo "2340"]
[PlyCount "85"]
[EventDate "2015.11.22"]
[EventType "team-tourn"]
[EventRounds "14"]
[EventCountry "ESP"]
[Source "lmi"]
[SourceDate "2015.11.22"]
[WhiteTeam "Virgen de Atocha"]
[BlackTeam "Liberty Chess"]
[WhiteTeamCountry "ESP"]
[BlackTeamCountry "ESP"]

1. d4 g6 2. e4 Bg7 3. Nc3 d6 4. Bg5 Nf6 5. Qd2 h6 6. Bf4 g5 7. Be3 Ng4 8. h4
Nxe3 9. Qxe3 gxh4 10. O-O-O Nc6 11. f4 Bg4 12. Be2 Bxe2 13. Ngxe2 e6 14. d5
exd5 15. exd5+ Ne7 16. Rxh4 O-O 17. Qh3 Re8 18. Ng3 Ng6 19. Rg4 Re3 20. f5 Rxc3
21. bxc3 Ne5 22. Rxg7+ Kxg7 23. f6+ Kxf6 24. Rf1+ Ke7 25. Nf5+ Ke8 26. Qxh6 Kd7
27. Qh3 Qg5+ 28. Ne3+ Ke7 29. Rf5 Qg6 30. Qh4+ f6 31. Rh5 Rf8 32. Qh3 Kd8 33.
Nf5 Nf7 34. Nd4 Ng5 35. Qg4 Qe8 36. Ne6+ Nxe6 37. dxe6 Rg8 38. Qf5 Qg6 39. Qb5
c6 40. Qxb7 Qg7 41. Qxc6 Qc7 42. e7+ Qxe7 43. Qa8+ 1-0

[Event "Liga Madrileña - DH 2015-2016"]
[Site "Madrid ESP"]
[Date "2016.01.31"]
[Round "8.43"]
[White "Gallardo Garcia, Andres"]
[Black "Plazuelo Pascual, Juan"]
[Result "1/2-1/2"]
[WhiteElo "2327"]
[BlackElo "2351"]
[PlyCount "101"]
[EventDate "2015.11.22"]
[EventType "team-tourn"]
[EventRounds "14"]
[EventCountry "ESP"]
[Source "lmi"]
[SourceDate "2015.11.22"]
[WhiteTeam "Liberty Chess"]
[BlackTeam "Virgen de Atocha"]
[WhiteTeamCountry "ESP"]
[BlackTeamCountry "ESP"]

1. c4 b6 2. Nf3 Bb7 3. d4 Nf6 4. g3 g6 5. Bg2 Bg7 6. O-O O-O 7. Nc3 Ne4 8. Nxe4
Bxe4 9. Be3 d6 10. b4 Nd7 11. Qb3 c5 12. Rfd1 Rc8 13. a3 Qc7 14. Rac1 Bxf3 15.
Bxf3 cxd4 16. Bxd4 Bxd4 17. Rxd4 Ne5 18. Bg2 Rfd8 19. f4 Nd7 20. Rcd1 Nf6 21.
Qd3 Nd7 22. Bh3 Rb8 23. e4 f6 24. Be6+ Kg7 25. h4 Nf8 26. Bg4 Re8 27. Kh2 Qb7
28. Rd5 a6 29. e5 dxe5 30. fxe5 f5 31. Bf3 Qc7 32. e6 Kg8 33. c5 bxc5 34. Rxc5
Qb6 35. Rc6 Qf2+ 36. Kh3 Red8 37. Qe2 Qa7 38. Rxa6 Qc7 39. Rc6 Qa7 40. Rc3 f4
41. gxf4 Rxd1 42. Qxd1 Qa6 43. Qd3 Qxe6+ 44. Kg3 Qe1+ 45. Kh3 Ne6 46. Bd5 Kg7
47. Bxe6 Qxe6+ 48. Kg3 Qe1+ 49. Kh3 Qe6+ 50. Kg3 Qe1+ 51. Kh3 1/2-1/2

[Event "Liga Madrileña - DH 2015-2016"]
[Site "Madrid ESP"]
[Date "2016.01.31"]
[Round "8.44"]
[White "Horcajada Reales, Guillermo"]
[Black "Sanchez Gonzalez, Sergio"]
[Result "0-1"]
[WhiteElo "2208"]
[BlackElo "2300"]
[PlyCount "60"]
[EventDate "2015.11.22"]
[EventType "team-tourn"]
[EventRounds "14"]
[EventCountry "ESP"]
[Source "lmi"]
[SourceDate "2015.11.22"]
[WhiteTeam "Virgen de Atocha"]
[BlackTeam "Liberty Chess"]
[WhiteTeamCountry "ESP"]
[BlackTeamCountry "ESP"]

1. d4 Nf6 2. c4 e6 3. Nc3 Bb4 4. e3 O-O 5. Bd3 d5 6. Nf3 c5 7. a3 Bxc3+ 8. bxc3
dxc4 9. Bxc4 Qc7 10. Qc2 Bd7 11. Bd3 Bc6 12. Ne5 c4 13. Bf1 Nbd7 14. Nxc6 Qxc6
15. f3 e5 16. e4 Rfc8 17. Be3 exd4 18. cxd4 Qa6 19. Be2 Qa5+ 20. Kf2 b5 21.
Rhc1 Nb6 22. d5 Na4 23. Kf1 Nd7 24. Ra2 Nac5 25. f4 f6 26. Rd1 Re8 27. Bf3 Rad8
28. Kg1 Nd3 29. Bd2 Qb6+ 30. Kh1 Nf2+ 0-1

[Event "Liga Madrileña - DH 2015-2016"]
[Site "Madrid ESP"]
[Date "2016.01.31"]
[Round "8.45"]
[White "Fernandez Garcia, Miguel Angel"]
[Black "Vazquez Torres, Adrian"]
[Result "1-0"]
[WhiteElo "2334"]
[BlackElo "2205"]
[PlyCount "93"]
[EventDate "2015.11.22"]
[EventType "team-tourn"]
[EventRounds "14"]
[EventCountry "ESP"]
[Source "lmi"]
[SourceDate "2015.11.22"]
[WhiteTeam "Liberty Chess"]
[BlackTeam "Virgen de Atocha"]
[WhiteTeamCountry "ESP"]
[BlackTeamCountry "ESP"]

1. d4 c5 2. d5 Nf6 3. c4 b5 4. Qc2 Na6 5. a3 b4 6. a4 e6 7. dxe6 dxe6 8. b3 Bb7
9. Nd2 e5 10. Bb2 Bd6 11. e4 Nb8 12. g3 Nc6 13. Ne2 Qe7 14. Bg2 O-O-O 15. O-O-O
Kb8 16. f3 h5 17. Nf1 Nd4 18. Nxd4 exd4 19. h4 Rhe8 20. Kb1 Qc7 21. Qf2 Nd7 22.
Rg1 Bc6 23. Bh1 Ne5 24. Bc1 Qb7 25. Bf4 Bxa4 26. Bxe5 Bxb3 27. Bxd6+ Rxd6 28.
Rc1 Ra6 29. Qb2 Ba2+ 30. Kc2 Bxc4 31. Kd1 Bxf1 32. Rxf1 Qb5 33. Rf2 b3 34. Ke1
Ra2 35. Qb1 Qb4+ 36. Kf1 Rxf2+ 37. Kxf2 c4 38. Bg2 Qd2+ 39. Kg1 Rc8 40. f4 b2
41. Rc2 Qe3+ 42. Kh2 c3 43. Qa2 Rc7 44. e5 Qd3 45. Qb3+ Kc8 46. Bh3+ Rd7 47.
Rxb2 1-0

[Event "Liga Madrileña - DH 2015-2016"]
[Site "Madrid ESP"]
[Date "2016.01.31"]
[Round "8.46"]
[White "Perez de Aranda, Leonardo Ivan"]
[Black "Suarez Triguero, Jose Alfonso"]
[Result "1/2-1/2"]
[WhiteElo "2078"]
[BlackElo "2063"]
[PlyCount "72"]
[EventDate "2015.11.22"]
[EventType "team-tourn"]
[EventRounds "14"]
[EventCountry "ESP"]
[Source "lmi"]
[SourceDate "2015.11.22"]
[WhiteTeam "Virgen de Atocha"]
[BlackTeam "Liberty Chess"]
[WhiteTeamCountry "ESP"]
[BlackTeamCountry "ESP"]

1. b3 Nf6 2. Bb2 e6 3. e3 d5 4. Nf3 a6 5. d4 Nbd7 6. Bd3 Be7 7. Nbd2 c5 8. O-O
O-O 9. Ne5 cxd4 10. exd4 Nxe5 11. dxe5 Nd7 12. f4 f5 13. exf6 Nxf6 14. Qe2 Bd7
15. h3 Qb6+ 16. Kh2 Bd6 17. g3 Rae8 18. Be5 Bc8 19. Nf3 Bxe5 20. fxe5 Ne4 21.
Bxe4 dxe4 22. Qxe4 Bd7 23. Nd4 Bc6 24. Nxc6 bxc6 25. Kg2 Qc5 26. Rxf8+ Rxf8 27.
Rf1 Rxf1 28. Kxf1 Qc3 29. Kf2 h6 30. h4 a5 31. a4 Kh8 32. Kg2 Kg8 33. Kh3 Kh8
34. Kg4 Kg8 35. Kh3 Kh8 36. Kg4 Kg8 1/2-1/2

[Event "Liga Madrileña - DH 2015-2016"]
[Site "Madrid ESP"]
[Date "2016.02.07"]
[Round "9.11"]
[White "Roa Alonso, Santiago"]
[Black "Candela Perez, Jose"]
[Result "0-1"]
[WhiteElo "2380"]
[BlackElo "2412"]
[PlyCount "84"]
[EventDate "2015.11.22"]
[EventType "team-tourn"]
[EventRounds "14"]
[EventCountry "ESP"]
[Source "lmi"]
[SourceDate "2015.11.22"]
[WhiteTeam "Vallecas CDV"]
[BlackTeam "La Casa del Ajedrez"]
[WhiteTeamCountry "ESP"]
[BlackTeamCountry "ESP"]

1. d4 d5 2. c4 e6 3. Nf3 c6 4. Qc2 dxc4 5. Qxc4 Nf6 6. Bg5 b5 7. Qb3 Bb7 8. Nc3
Nbd7 9. e3 a6 10. Be2 c5 11. O-O Be7 12. Bxf6 Bxf6 13. dxc5 Qe7 14. Rac1 Nxc5
15. Qb4 Rc8 16. Nxb5 axb5 17. Qxb5+ Kf8 18. b4 Ne4 19. Rxc8+ Bxc8 20. Rc1 Qd7
21. Qc4 Bb7 22. Qc7 Qxc7 23. Rxc7 Nd6 24. Rd7 Be7 25. Nd4 Ke8 26. Rc7 Kd8 27.
Nb5 Rf8 28. a4 Bc8 29. Rc5 Nxb5 30. Rxb5 Bd7 31. Rb7 Bc6 32. Rb6 Kc7 33. a5 Rb8
34. Rxb8 Kxb8 35. b5 Bd5 36. Kf1 Bb4 37. a6 Ka7 38. f3 Bc5 39. e4 Bb3 40. g3
Kb6 41. Kg2 Ba4 42. f4 Ka5 0-1

[Event "Liga Madrileña - DH 2015-2016"]
[Site "Madrid ESP"]
[Date "2016.02.07"]
[Round "9.12"]
[White "Gallego Jimenez, Victoriano"]
[Black "Beltran de Heredia Eguiaz, Miguel Angel"]
[Result "1/2-1/2"]
[WhiteElo "2362"]
[BlackElo "2190"]
[PlyCount "73"]
[EventDate "2015.11.22"]
[EventType "team-tourn"]
[EventRounds "14"]
[EventCountry "ESP"]
[Source "lmi"]
[SourceDate "2015.11.22"]
[WhiteTeam "La Casa del Ajedrez"]
[BlackTeam "Vallecas CDV"]
[WhiteTeamCountry "ESP"]
[BlackTeamCountry "ESP"]

1. d4 Nf6 2. c4 g6 3. Nc3 Bg7 4. e4 d6 5. f3 O-O 6. Bg5 c5 7. d5 e6 8. Qd2 exd5
9. cxd5 h6 10. Bxh6 Nxe4 11. Nxe4 Qh4+ 12. g3 Qxh6 13. Qxh6 Bxh6 14. Nxd6 Rd8
15. Nxc8 Rxc8 16. f4 Nd7 17. O-O-O Nb6 18. d6 Rd8 19. Bh3 Bg7 20. d7 Na4 21.
Rd2 Bd4 22. Kb1 f5 23. Nf3 Rxd7 24. Nxd4 cxd4 25. Rc1 Nb6 26. g4 Rh7 27. Rd3
Nd5 28. Rxd4 Ne3 29. Bf1 fxg4 30. Bc4+ Nxc4 31. Rdxc4 Rxh2 32. Rg1 Re8 33. Rc2
g3 34. Rxg3 Re1+ 35. Rc1 Rhh1 36. Rxe1 Rxe1+ 37. Kc2 1/2-1/2

[Event "Liga Madrileña - DH 2015-2016"]
[Site "Madrid ESP"]
[Date "2016.02.07"]
[Round "9.13"]
[White "Montanes Arribas, Adrian"]
[Black "Elguezabal Varela, Daniel"]
[Result "1-0"]
[WhiteElo "2173"]
[BlackElo "2363"]
[PlyCount "67"]
[EventDate "2015.11.22"]
[EventType "team-tourn"]
[EventRounds "14"]
[EventCountry "ESP"]
[Source "lmi"]
[SourceDate "2015.11.22"]
[WhiteTeam "Vallecas CDV"]
[BlackTeam "La Casa del Ajedrez"]
[WhiteTeamCountry "ESP"]
[BlackTeamCountry "ESP"]

1. d4 Nf6 2. c4 e6 3. g3 Bb4+ 4. Bd2 Bxd2+ 5. Qxd2 O-O 6. Bg2 d6 7. e4 c5 8.
Ne2 Qb6 9. O-O Nc6 10. Rd1 e5 11. d5 Nd4 12. Nxd4 cxd4 13. Na3 a5 14. Rab1 Bd7
15. Nc2 Qa6 16. b3 b5 17. Na3 a4 18. cxb5 Bxb5 19. b4 Rfc8 20. Rbc1 Be2 21. Re1
d3 22. h3 g6 23. b5 Qb6 24. Rc6 Qd4 25. Rec1 Rd8 26. R6c4 Qb6 27. Bf1 Bxf1 28.
Kxf1 h5 29. Qxd3 h4 30. Kg2 Kg7 31. g4 Rd7 32. Rc6 Qa5 33. Nc4 Qxb5 34. Rb1 1-0

[Event "Liga Madrileña - DH 2015-2016"]
[Site "Madrid ESP"]
[Date "2016.02.07"]
[Round "9.14"]
[White "Suarez Uriel, Adrian"]
[Black "Martin Garcia, Guillermo Li"]
[Result "1-0"]
[WhiteElo "2278"]
[BlackElo "2165"]
[PlyCount "87"]
[EventDate "2015.11.22"]
[EventType "team-tourn"]
[EventRounds "14"]
[EventCountry "ESP"]
[Source "lmi"]
[SourceDate "2015.11.22"]
[WhiteTeam "La Casa del Ajedrez"]
[BlackTeam "Vallecas CDV"]
[WhiteTeamCountry "ESP"]
[BlackTeamCountry "ESP"]

1. e4 e5 2. Nf3 Nc6 3. Bb5 a6 4. Ba4 d6 5. O-O Bd7 6. c3 Nge7 7. d4 Ng6 8. Re1
Be7 9. Nbd2 h6 10. Nf1 Bg5 11. Ne3 Bxe3 12. Bxe3 O-O 13. b4 Re8 14. Bc2 b6 15.
a4 Qe7 16. Qd2 Rad8 17. Kh1 Qf6 18. Bd3 Bc8 19. d5 Nce7 20. c4 Nh4 21. Ng1 g5
22. a5 bxa5 23. Rxa5 Qg7 24. c5 f5 25. f3 f4 26. Bf2 Nhg6 27. Bxa6 h5 28. Bxc8
Nxc8 29. Qe2 Nf8 30. c6 Nh7 31. b5 Kh8 32. Rb1 Rg8 33. b6 cxb6 34. Bxb6 Rdf8
35. Bf2 Qf6 36. Qe1 Qg6 37. Qd1 Kg7 38. Rb8 g4 39. Raa8 Qg5 40. Be1 Nf6 41. Bf2
Qg6 42. Rb7+ Rf7 43. Qf1 gxf3 44. gxf3 1-0